niagara singles - Statistiques

Statistiques générales
  • Ce quiz a été pris 60 fois
  • Le résultat moyen est 7 sur 15
Statistiques - réponses
Hint Réponse % Correct
1986 l'amour à la plage
94%
1985 tchiki boum
82%
1990 j'ai vu
76%
1987 quand la ville dort
65%
1986 je dois m'en aller
62%
1990 pendant que les champs brûlent
62%
1988 assez
56%
1988 soleil d'hiver
47%
1993 un million d'années
26%
1993 le minotaure
24%
1989 flammes de l'enfer
21%
1989 baby louis
18%
1991 psychotrope
18%
1992 la fin des étoiles
15%
1989 la vie est peut être belle
12%
Aucun quiz correspondant
Distribution des résultats
% des personnes avec chaque résultat
Percentile par nombre de réponses
Votre historique - résultats
Vous n’avez pas pris ce quiz